Chaîne de villes - Moyen - Statistiques

Statistiques générales
  • Ce quiz a été pris 918 fois
  • Le résultat moyen est 14 sur 24
Statistiques - réponses
Indice Ville % Correct
Pizza, Maradona et Vésuve Naples
94%
Deuxième ville d'Algérie Oran
80%
Plus grande ville d'Israël Tel Aviv
78%
Ville antique qui a perdu son phare et sa bibliothèque Alexandrie
77%
Grande ville anglophone située a proximité de Montréal Ottawa
76%
Ville de départ de la pandémie de Covid-19 Wuhan
76%
Capitale d'un pays balte Riga
69%
Grand port belge connue pour le travail du diamant Anvers
67%
Capitale de la Côte d'Ivoire Yamoussoukro
64%
Ville de Roméo et Juliette en Vénétie Vérone
63%
Ville américaine dont l'aéroport était le plus fréquenté avant 2020 Atlanta
61%
On y trouve la place Stanislas Nancy
60%
Capitale de l'État du Colorado Denver
59%
Sur l'île du Nord en Nouvelle-Zélande Auckland
58%
Surnommée "Motor City" Détroit
57%
Ville la plus peuplée de la péninsule arabique Riyad
57%
Ville du Vaucluse connue pour son théâtre antique Orange
52%
Capitale d'un pays frontalier de la Turquie Erevan
50%
On y trouve la place de la Comédie Montpellier
46%
Robin des bois s'est battu contre le maire de cette ville Nottingham
45%
Grande ville andine Santiago
45%
Séparée de Tijuana par une frontière San Diego
43%
Capitale de la province canadienne de l'Alberta Edmonton
34%
Troisième ville du Japon en population Nagoya
29%
Aucun quiz correspondant
Distribution des résultats
% des personnes avec chaque résultat
Percentile par nombre de réponses
Votre historique - résultats
Vous n’avez pas pris ce quiz